Normal view
MARC view
- بقلم ماكارثر، جون ار.؛ ترجمة برهوم، محمود وناصر، نقولا
Entry Personal Name
001 - CONTROL NUMBER
- control field: 42385
003 - CONTROL NUMBER IDENTIFIER
- control field: JO-AjAnu
005 - DATE AND TIME OF LATEST TRANSACTION
- control field: 20230606081031.0
008 - FIXED-LENGTH DATA ELEMENTS
- fixed length control field: 230606|| aca||aabn | a|a d
040 ## - CATALOGING SOURCE
- Original cataloging agency: JO-AjAnu
- Transcribing agency: JO-AjAnu
100 ## - HEADING--PERSONAL NAME
- Personal name: بقلم ماكارثر، جون ار.؛ ترجمة برهوم، محمود وناصر، نقولا
670 ## - SOURCE DATA FOUND
- Source citation: Work cat.: (JO-AjAnu)21713: بقلم ماكارثر، جون ار.؛ ترجمة برهوم، محمود وناصر، نقولا, author, الجبهة الثانية: التضليل الاعلامي في حرب الخليج